Alphabet Puzzle: First Letters - Statistics

General Stats
  • This quiz has been taken 241 times
  • The average score is 19 of 26
Answer Stats
Hint Answer % Correct
O Parentless child Orphan
96%
P Royal female Princess
95%
F Day of the week Friday
93%
G Not innocent Guilty
92%
Y Part of an egg Yolk
90%
B Gentle wind Breeze
89%
E Bald, or golden bird Eagle
87%
R Farmyard alarm clock? Rooster
85%
V Car, truck, train etc Vehicle
82%
U Cow's milking organ Udder
80%
H Frodo or Bilbo, eg Hobbit
78%
M Desert illusion Mirage
78%
J Green with envy Jealous
77%
X Photocopier brand Xerox
77%
T Wood-eating insect Termite
75%
Q Satisfy thirst Quench
71%
N Small lump of gold Nugget
68%
I Dante's Hell Inferno
66%
Z Equine animal Zebra
65%
D Underground prison room Dungeon
64%
C Big Top event Circus
62%
K Putin's home Kremlin
62%
S Tennis star Pete Sampras
61%
L (Irish?) comic poem Limerick
60%
A Attack by surprise Ambush
58%
W A necessary evil? War
11%
No matching quizzes found
Score Distribution
Percent of People with Each Score
Percentile by Number Answered
Your Score History
You have not taken this quiz